000 00384nam a2200145Ia 4500
001 4445
008 241024s9999 xx 000 0 und d
082 _aRD/327.7291/N716b
100 _aRafael Nino Féliz
245 0 _aEl Bloqueo contra Cuba: ahora la gran guerra por otra vía
260 _bEditorial Gente
_c2016
590 _asi
901 _a28/9/2016 2:28:17 p.m.
999 _c9765
_d9765